| 000 | 01274nam0a2200373 4500 | ||
|---|---|---|---|
| 001 | RU\NLR\bibl\226974 | ||
| 005 | 20260406053515.0 | ||
| 010 |
_a5-04-008451-X _bВ пер. _97000 |
||
| 021 |
_aRU _b2001-49402 _92384 |
||
| 035 | _a(NLR Aleph) 000222965 | ||
| 090 |
_a1296318 _c1296318 |
||
| 100 | _a20020204d2001 |||y0rusy50 ca | ||
| 101 | 1 |
_arus _ceng |
|
| 102 | _aRU | ||
| 105 | _ay ||||||||| | ||
| 200 | 1 |
_aПотаенный город _e[Пер. с англ.] _fДэвид Эддингс |
|
| 210 |
_aМ. _cЭКСМО-пресс _d2001 |
||
| 215 |
_a539, [1] с. _d21 |
||
| 225 | 1 | _aЗнак Единорога | |
| 311 | _a3-я кн. трилогии. Продолж. кн. "Сияющая цитадель" | ||
| 606 | 0 | _aФантастические романы и рассказы (х. л.) | |
| 675 |
_a821.111(73)-312.9Эддингс _v3 _zrus |
||
| 686 |
_a17.82 _2rugasnti |
||
| 686 |
_a84(7Сое)-44 _2rubbk |
||
| 686 | _aШ6(7США)67-445 | ||
| 700 | 1 |
_4070 _8rus _7ca _aЭддингс _bД. _f1931- _gДэвид _3RU\NLR\auth\778238 _9118150 |
|
| 801 | 0 |
_aRU _bRKP _c20020204 _gPSBO |
|
| 801 | 1 |
_aRU _bRKP _c20020204 |
|
| 801 | 2 |
_aRU _bNLR _c20040923 _grcr |
|
| 942 | _cBOOK | ||
| 980 | _aNB | ||